15 najdłuższych rzek na Świecie - nagła śmierć - Statystyki

Ogólne statystyki
  • Ten quiz został rozwiązany 174 razy
  • Średni wynik to 6 z 15
Answers on the Grid
Answers color-coded by a green-red scale on the quiz's grid according to % correct below.
Amazonka
Amu-Daria
Amur
Brahmaputra
Dunaj
Eufrat
Indus
Jangcy
Jenisej
Jukon
Kongo
Lena
Mackenzie
Mekong
Missisipi-Missouri
Niger
Nil
Ob-Irtysz
Parana
Rio Grande
Wisła
Wołga
Zambezi
Żółta Rzeka
 
Statystyki odpowiedzi
Odpowiedź % Poprawnych
Amazonka
94%
Nil
70%
Jangcy
57%
Missisipi-Missouri
48%
Wołga
43%
Kongo
42%
Amur
37%
Mekong
30%
Niger
28%
Jenisej
27%
Żółta Rzeka
26%
Lena
21%
Ob-Irtysz
21%
Mackenzie
10%
Parana
6%
Nie znaleziono quizów pasujących do podanych kryteriów
Rozkład punktacji
Procent ludzi z każdym wynikiem
Percentyl według liczby udzielonych odpowiedzi
Twoja historia wyników
Nie rozwiązałeś tego quizu